<?xml version="1.0" encoding="UTF-8"?>
<record
    xmlns:xsi="http://www.w3.org/2001/XMLSchema-instance"
    xsi:schemaLocation="http://www.loc.gov/MARC21/slim http://www.loc.gov/standards/marcxml/schema/MARC21slim.xsd"
    xmlns="http://www.loc.gov/MARC21/slim">

  <leader>01188nam0a22002771  4500</leader>
  <controlfield tag="001">rc\105016</controlfield>
  <controlfield tag="005">20260406164551.0</controlfield>
  <datafield tag="010" ind1=" " ind2=" ">
    <subfield code="a">5-230-01909-3</subfield>
    <subfield code="9">300</subfield>
  </datafield>
  <datafield tag="035" ind1=" " ind2=" ">
    <subfield code="a">(NLR Aleph) 005367094</subfield>
  </datafield>
  <datafield tag="090" ind1=" " ind2=" ">
    <subfield code="a">6960270</subfield>
    <subfield code="c">6960270</subfield>
  </datafield>
  <datafield tag="100" ind1=" " ind2=" ">
    <subfield code="a">20021216d1995    |||y0rusy50      ca</subfield>
  </datafield>
  <datafield tag="101" ind1="0" ind2=" ">
    <subfield code="a">rus</subfield>
  </datafield>
  <datafield tag="102" ind1=" " ind2=" ">
    <subfield code="a">RU</subfield>
  </datafield>
  <datafield tag="105" ind1=" " ind2=" ">
    <subfield code="a">a   |||||||||</subfield>
  </datafield>
  <datafield tag="200" ind1="1" ind2=" ">
    <subfield code="a">&#x41B;&#x435;&#x441;&#x43E;&#x43F;&#x43E;&#x43B;&#x44C;&#x437;&#x43E;&#x432;&#x430;&#x43D;&#x438;&#x435; &#x432; &#x43D;&#x430;&#x441;&#x430;&#x436;&#x434;&#x435;&#x43D;&#x438;&#x44F;&#x445;, &#x43F;&#x43E;&#x434;&#x432;&#x435;&#x440;&#x436;&#x435;&#x43D;&#x43D;&#x44B;&#x445; &#x432;&#x43B;&#x438;&#x44F;&#x43D;&#x438;&#x44E; &#x43F;&#x440;&#x43E;&#x43C;&#x44B;&#x448;&#x43B;&#x435;&#x43D;&#x43D;&#x44B;&#x445; &#x432;&#x44B;&#x431;&#x440;&#x43E;&#x441;&#x43E;&#x432;</subfield>
    <subfield code="e">&#x423;&#x447;&#x435;&#x431;. &#x43F;&#x43E;&#x441;&#x43E;&#x431;&#x438;&#x435; [&#x434;&#x43B;&#x44F; &#x43B;&#x435;&#x441;&#x43E;&#x442;&#x435;&#x445;&#x43D;. &#x441;&#x43F;&#x435;&#x446;&#x438;&#x430;&#x43B;&#x44C;&#x43D;&#x43E;&#x441;&#x442;&#x435;&#x439; &#x432;&#x443;&#x437;&#x43E;&#x432;]</subfield>
    <subfield code="f">&#x411;&#x440;&#x430;&#x442;. &#x438;&#x43D;&#x434;&#x443;&#x441;&#x442;&#x440;. &#x438;&#x43D;-&#x442;</subfield>
    <subfield code="g">[&#x415;.&#x41C;. &#x420;&#x443;&#x43D;&#x43E;&#x432;&#x430; &#x438; &#x434;&#x440;.]</subfield>
  </datafield>
  <datafield tag="210" ind1=" " ind2=" ">
    <subfield code="a">&#x411;&#x440;&#x430;&#x442;&#x441;&#x43A;</subfield>
    <subfield code="c">&#x411;&#x440;&#x418;&#x418;</subfield>
    <subfield code="d">1995</subfield>
  </datafield>
  <datafield tag="215" ind1=" " ind2=" ">
    <subfield code="a">71, [1] &#x441;.</subfield>
    <subfield code="c">&#x438;&#x43B;.</subfield>
    <subfield code="d">21</subfield>
  </datafield>
  <datafield tag="300" ind1=" " ind2=" ">
    <subfield code="a">&#x41D;&#x430; &#x43E;&#x431;&#x43B;. &#x430;&#x432;&#x442;.: &#x415;.&#x41C;. &#x420;&#x443;&#x43D;&#x43E;&#x432;&#x430;, &#x411;.&#x418;. &#x423;&#x433;&#x440;&#x44E;&#x43C;&#x43E;&#x432;, &#x413;.&#x41F;. &#x41D;&#x435;&#x436;&#x435;&#x432;&#x435;&#x446;</subfield>
  </datafield>
  <datafield tag="320" ind1=" " ind2=" ">
    <subfield code="a">&#x411;&#x438;&#x431;&#x43B;&#x438;&#x43E;&#x433;&#x440;.: &#x441;. 71-72 (27 &#x43D;&#x430;&#x437;&#x432;.)</subfield>
  </datafield>
  <datafield tag="701" ind1=" " ind2="1">
    <subfield code="a">&#x420;&#x443;&#x43D;&#x43E;&#x432;&#x430;</subfield>
    <subfield code="b">&#x415;.&#x41C;.</subfield>
    <subfield code="g">&#x415;&#x43B;&#x435;&#x43D;&#x430; &#x41C;&#x438;&#x445;&#x430;&#x439;&#x43B;&#x43E;&#x432;&#x43D;&#x430;</subfield>
  </datafield>
  <datafield tag="712" ind1="0" ind2="2">
    <subfield code="a">&#x411;&#x440;&#x430;&#x442;&#x441;&#x43A;&#x438;&#x439; &#x438;&#x43D;&#x434;&#x443;&#x441;&#x442;&#x440;&#x438;&#x430;&#x43B;&#x44C;&#x43D;&#x44B;&#x439; &#x438;&#x43D;&#x441;&#x442;&#x438;&#x442;&#x443;&#x442;</subfield>
    <subfield code="3">RU\NLR\AUTH\889936000</subfield>
    <subfield code="9">366853</subfield>
  </datafield>
  <datafield tag="801" ind1=" " ind2="0">
    <subfield code="a">RU</subfield>
    <subfield code="b">NLR</subfield>
    <subfield code="g">psbo</subfield>
  </datafield>
  <datafield tag="801" ind1=" " ind2="1">
    <subfield code="a">RU</subfield>
    <subfield code="b">ELAR</subfield>
    <subfield code="2">rusmarc</subfield>
  </datafield>
  <datafield tag="852" ind1=" " ind2=" ">
    <subfield code="a">NLR</subfield>
    <subfield code="j">96-4/10612</subfield>
  </datafield>
  <datafield tag="942" ind1=" " ind2=" ">
    <subfield code="c">BOOK</subfield>
  </datafield>
  <datafield tag="980" ind1=" " ind2=" ">
    <subfield code="a">NB</subfield>
  </datafield>
  <datafield tag="995" ind1=" " ind2=" ">
    <subfield code="5">2013-10-26</subfield>
    <subfield code="b">NLR01</subfield>
    <subfield code="c">NLR01</subfield>
    <subfield code="e">RF8</subfield>
    <subfield code="f">5367094-10</subfield>
    <subfield code="k">96-4/10612</subfield>
    <subfield code="o">0</subfield>
    <subfield code="r">BOOK</subfield>
    <subfield code="s">96410612_</subfield>
  </datafield>
</record>
